Statistics for Countries by First Two Letters in 90 Seconds

Click here to take the quiz!

General Stats

  • This quiz has been taken 2,092,268 times
  • The average score is 97 of 196

Answers on the Map

Answers color-coded by a green-red scale on the quiz's map according to % correct below.
Loading ...
 

Answer Stats

Country% Correct
Canada
93%
Cape Verde
93%
Cameroon
93%
Cambodia
93%
China
91%
Chile
91%
Chad
91%
United Arab Emirates
88%
United States
88%
United Kingdom
88%
Russia
88%
Brazil
85%
Brunei
85%
Austria
84%
Australia
84%
Mexico
82%
Democratic Republic
of the Congo
81%
North Macedonia
79%
India
77%
Indonesia
77%
France
76%
Argentina
75%
Armenia
75%
Norway
75%
North Korea
75%
South Sudan
74%
South Korea
74%
South Africa
74%
Solomon Islands
74%
Somalia
74%
Mozambique
74%
Morocco
74%
Montenegro
74%
Mongolia
74%
Monaco
74%
Moldova
73%
Papua New Guinea
72%
Poland
72%
Panama
72%
Pakistan
72%
Paraguay
72%
Eswatini
72%
Spain
72%
Portugal
72%
Palau
72%
Maldives
70%
Madagascar
70%
Marshall Islands
70%
Mauritania
70%
Mauritius
70%
Malta
70%
Mali
70%
Malaysia
70%
Malawi
70%
Iran
70%
Iraq
70%
Sweden
70%
Switzerland
70%
Ireland
70%
Germany
66%
Georgia
66%
Saint Vincent and the
Grenadines
64%
Saint Kitts and Nevis
64%
Republic of the Congo
64%
Saint Lucia
64%
Nepal
64%
New Zealand
64%
Netherlands
64%
Colombia
63%
Ivory Coast
63%
Costa Rica
63%
Comoros
63%
Fiji
63%
Finland
63%
San Marino
62%
Samoa
62%
São Tomé and Príncipe
62%
Saudi Arabia
62%
Denmark
60%
Japan
58%
Jamaica
58%
Bolivia
56%
Algeria
56%
Bosnia and
Herzegovina
56%
Albania
56%
Belgium
56%
Belize
56%
Belarus
56%
Botswana
56%
Benin
56%
Lithuania
55%
Liechtenstein
55%
Peru
55%
Liberia
55%
Tunisia
55%
Libya
55%
Tuvalu
55%
Turkey
55%
Turkmenistan
55%
Italy
54%
Ukraine
54%
Egypt
51%
Kazakhstan
51%
Suriname
50%
Sudan
50%
Nigeria
49%
Niger
49%
Nicaragua
49%
Iceland
49%
Myanmar
42%
Venezuela
42%
Latvia
41%
Barbados
41%
Bangladesh
41%
Bahrain
41%
Bahamas
41%
Laos
41%
Andorra
40%
Angola
40%
Guinea
40%
Antigua and Barbuda
40%
Guatemala
40%
Guyana
40%
Guinea-Bissau
40%
Grenada
40%
Greece
39%
Uruguay
39%
Tanzania
37%
Taiwan
37%
Cuba
37%
Tajikistan
37%
Afghanistan
34%
Burundi
34%
Burkina Faso
34%
Bulgaria
34%
Oman
33%
Yemen
33%
Nauru
33%
Ecuador
33%
Namibia
33%
Thailand
32%
Serbia
30%
Senegal
30%
Seychelles
30%
Vietnam
28%
Honduras
27%
Estonia
27%
Romania
26%
Ethiopia
26%
Philippines
25%
Haiti
25%
Lesotho
24%
Lebanon
24%
Dominican Republic
24%
Uzbekistan
23%
Dominica
23%
Kenya
21%
Israel
21%
Kyrgyzstan
20%
Singapore
20%
Sierra Leone
20%
Slovenia
19%
Slovakia
19%
Federated States of
Micronesia
19%
El Salvador
19%
Zambia
19%
Czech Republic
18%
Sri Lanka
18%
Zimbabwe
18%
Gabon
18%
Gambia
18%
Hungary
18%
Ghana
17%
Togo
17%
Tonga
17%
Central African Republic
17%
Kosovo
17%
Syria
17%
Croatia
16%
Eritrea
16%
Vanuatu
15%
Azerbaijan
15%
Vatican City
15%
Bhutan
15%
Jordan
14%
Luxembourg
14%
Kiribati
13%
Qatar
12%
Uganda
12%
Rwanda
10%
Djibouti
10%
Kuwait
10%
Equatorial Guinea
10%
Cyprus
9%
Trinidad and Tobago
9%
East Timor
8%

Score Distribution

Percentile by Number Answered

Percent of People with Each Score

Your Score History

You have not taken this quiz